000 00345nam a2200133Ia 4500
008 240624s9999 xx 000 0 und d
041 _aeng
082 _a658.155 DAM
100 _aDAMODARAN ASWATH
245 _aSTRATEGIC RISK TAKING A FRAMEWORK FOR RI
260 _c2007
_aNew Delhi
_bPearson Education
300 _a408 : p.
365 _cRS
_b30
999 _c18276
_d18276